| 000 | 00678nam a22002297a 4500 | ||
|---|---|---|---|
| 999 |
_c158485 _d158485 |
||
| 005 | 20210209154447.0 | ||
| 010 | _aB-710686 | ||
| 020 | _a9788177589184 | ||
| 035 | _aB-710686 | ||
| 037 | _bGift | ||
| 082 | _a621.392 | ||
| 100 | _aPalnitkar, Samir | ||
| 245 |
_aVerilog HDL: _ba guide to digital design and synthesis / _cSamir Palnitkar |
||
| 246 | _aVHDL | ||
| 250 | _a2nd ed. | ||
| 260 |
_aNew Delhi _bPearson _c2010 |
||
| 270 |
_a14 Local Shopping Centre, Panchsheel Park _bNew Delhi _e110017 |
||
| 300 |
_a490p. _c24 cm (pbk) |
||
| 500 | _aincludes index | ||
| 942 |
_2ddc _cEN _h621.392 _mPAL |
||